<?xml version="1.0" encoding="UTF-8"?>
<record
    xmlns:xsi="http://www.w3.org/2001/XMLSchema-instance"
    xsi:schemaLocation="http://www.loc.gov/MARC21/slim http://www.loc.gov/standards/marcxml/schema/MARC21slim.xsd"
    xmlns="http://www.loc.gov/MARC21/slim">

  <leader>01783nam a22002537a 4500</leader>
  <controlfield tag="003">AR-RoUNCS</controlfield>
  <controlfield tag="005">20251027101608.0</controlfield>
  <controlfield tag="008">251027t2014    ag |||||r|||| 00| 0 spa d</controlfield>
  <datafield tag="020" ind1=" " ind2=" ">
    <subfield code="a">978-987-609-446-7</subfield>
  </datafield>
  <datafield tag="040" ind1=" " ind2=" ">
    <subfield code="a">AR-RoUNCS</subfield>
    <subfield code="c">AR-RoUNCS</subfield>
  </datafield>
  <datafield tag="080" ind1=" " ind2=" ">
    <subfield code="0">94(=1.82-82)</subfield>
  </datafield>
  <datafield tag="100" ind1="1" ind2=" ">
    <subfield code="a"> Mart&#xED;nez Sarasola, Carlos,</subfield>
    <subfield code="d">1949-2018</subfield>
    <subfield code="e">autor</subfield>
  </datafield>
  <datafield tag="245" ind1="1" ind2="0">
    <subfield code="a">Breve historia de los pueblos originarios en la Argentina /</subfield>
    <subfield code="c">Carlos Mart&#xED;nez Sarasola.</subfield>
  </datafield>
  <datafield tag="250" ind1=" " ind2=" ">
    <subfield code="a">1a ed.</subfield>
  </datafield>
  <datafield tag="260" ind1=" " ind2=" ">
    <subfield code="a">Buenos Aires :</subfield>
    <subfield code="b">Del Nuevo Extremo,</subfield>
    <subfield code="c">2014.</subfield>
  </datafield>
  <datafield tag="300" ind1=" " ind2=" ">
    <subfield code="a">268 p. :</subfield>
    <subfield code="b"> il., mapas, fot. byn ;</subfield>
    <subfield code="c">23 cm.</subfield>
  </datafield>
  <datafield tag="490" ind1="0" ind2=" ">
    <subfield code="a">Colecci&#xF3;n Pueblos originarios</subfield>
  </datafield>
  <datafield tag="504" ind1=" " ind2=" ">
    <subfield code="a"> Bibliograf&#xED;a: p. 267-268.</subfield>
  </datafield>
  <datafield tag="505" ind1="0" ind2=" ">
    <subfield code="a">Palabras previas a la tercera edici&#xF3;n -- Palabras previas a la presente edici&#xF3;n -- Introducci&#xF3;n -- Pte. 1: Las culturas originarias: Cap. 1. Los antiguos -- Cap. 2. Las comunidades que ocupaban nuestro territorio en el siglo XVI -- Pte. 2: Las culturas originarias en la conformaci&#xF3;n nacional: Cap. 3. El drama de la conquista -- Cap. 4. Inmersos en una revoluci&#xF3;n -- Cap. 5. La quimera de ser libres -- Pte. 3: La cuesti&#xF3;n ind&#xED;gena: Cap. 6. De se&#xF1;ores de la tierra a minor&#xED;as &#xE9;tnicas -- Cap. 7. El Estado y las pol&#xED;ticas hacia el ind&#xED;gena -- Cap. 8. Viven los indios -- Ep&#xED;logo.</subfield>
  </datafield>
  <datafield tag="520" ind1="1" ind2=" ">
    <subfield code="a"> "Carlos Mart&#xED;nez Sarasola logra un compendio preciso y actualizado, &#xE1;gil y atractivo, de su gran libro "Nuestros paisanos los indios", s&#xED;ntesis fundamental de la historia de los pueblos originarios en la Argentina. Esta breve historia, dirigida principalmente a los j&#xF3;venes, se propone difundir el tema ind&#xED;gena ante el m&#xE1;s amplio p&#xFA;blico posible." -- (Contratapa).</subfield>
  </datafield>
  <datafield tag="650" ind1=" " ind2="4">
    <subfield code="a">PUEBLOS IND&#xCD;GENAS</subfield>
    <subfield code="x">HISTORIA</subfield>
    <subfield code="z">ARGENTINA</subfield>
  </datafield>
  <datafield tag="650" ind1=" " ind2="4">
    <subfield code="a">ABOR&#xCD;GENES ARGENTINOS</subfield>
    <subfield code="x">HISTORIA</subfield>
  </datafield>
  <datafield tag="942" ind1=" " ind2=" ">
    <subfield code="2">udc</subfield>
    <subfield code="c">OG</subfield>
    <subfield code="n">0</subfield>
  </datafield>
  <datafield tag="999" ind1=" " ind2=" ">
    <subfield code="c">647</subfield>
    <subfield code="d">647</subfield>
  </datafield>
  <datafield tag="952" ind1=" " ind2=" ">
    <subfield code="0">0</subfield>
    <subfield code="1">0</subfield>
    <subfield code="2">udc</subfield>
    <subfield code="4">0</subfield>
    <subfield code="7">0</subfield>
    <subfield code="8">CG</subfield>
    <subfield code="a">ESOCIALES</subfield>
    <subfield code="b">ESOCIALES</subfield>
    <subfield code="d">2025-10-27</subfield>
    <subfield code="e">Donaci&#xF3;n 2024</subfield>
    <subfield code="l">0</subfield>
    <subfield code="o">94(=1.82-82) M385</subfield>
    <subfield code="p">001092</subfield>
    <subfield code="r">2025-10-27 10:18:09</subfield>
    <subfield code="w">2025-10-27</subfield>
    <subfield code="y">OG</subfield>
  </datafield>
</record>
